Music Quiz

Random Music or Singers Quiz
Score 0/24 Timer 03:00
0 Plays Today
Title James Taylor (J) or Taylor Swift (S)? % Correct
Carolina in My Mind???
89.3%
Shake It Off???
89.1%
We Are Never Ever Getting Back Together???
88.9%
Sweet Baby James???
88.2%
You've Got a Friend???
88.2%
Blank Space???
87.5%
I Knew You Were Trouble???
87%
Shower the People???
86.9%
Bad Blood???
86.4%
Fire and Rain???
84.6%
Love Story???
84.2%
Mean???
83.8%
Title James Taylor (J) or Taylor Swift (S)? % Correct
Country Road???
83.6%
Your Smiling Face???
83.2%
Don't Let Me Be Lonely Tonight???
83.1%
You Belong with Me???
82.9%
Teardrops on My Guitar???
75.8%
Our Town???
73.8%
Daddy's All Gone???
72.9%
Our Song???
72.6%
Summer's Here???
70.9%
Stand and Fight???
68.7%
I Wish You Would???
59.8%
I'm Only Me When I'm with You???
59.8%
Remove Ads.
Support Sporcle.
Get the best of Sporcle when you Go Orange. This ad-free experience offers more features, more stats, and more fun while also helping to support Sporcle. Thank you for becoming a member.

You're not logged in!

Compare scores with friends on all Sporcle quizzes.
OR
Log In

Show Comments

Extras

Top Quizzes Today


Score Distribution

Your Account Isn't Verified!

In order to create a playlist on Sporcle, you need to verify the email address you used during registration. Go to your Sporcle Settings to finish the process.

Report this User

Report this user for behavior that violates our Community Guidelines.

Details: